[Event "UKR-chT"]
[Site "Lvov"]
[Date "2021.05.09"]
[Round "4.1"]
[White "Soroka, Danylo"]
[Black "Kovchan, Alexander"]
[Result "0-1"]
[WhiteElo "2300"]
[BlackElo "2575"]
[PlyCount "64"]
[EventDate "2021.05.06"]
[EventType "team-tourn"]
[EventRounds "7"]
[EventCountry "UKR"]
[SourceTitle "EXT 2022"]
[Source "ChessBase"]
[SourceDate "2021.10.06"]
[SourceVersion "1"]
[SourceVersionDate "2021.10.06"]
[SourceQuality "1"]
[WhiteTeam "Lvov Chess School Debiut"]
[BlackTeam "Kharkov Law Academy"]
[WhiteTeamCountry "UKR"]
[BlackTeamCountry "UKR"]

1. d4 d5 2. Nf3 e6 3. c4 dxc4 4. e3 Nf6 5. Bxc4 c5 6. 0-0 Nc6 7. Qe2 a6 8. Rd1 b5 9. dxc5 Qc7 10. Bb3 Bxc5 11. h3 Bb7 12. e4 Ne5 13. Bf4 Nxf3+ 14. Qxf3 e5 15. Bg3 Bxe4 16. Qc3 0-0 17. Qxe5 Qc6 18. Kh2 Bxg2 19. Rg1 Rae8 20. Qg5 Ne4 21. Qd5 Nxg3 22. Qxg2 Qxg2+ 23. Kxg2 Ne2 24. Rd1 Nf4+ 25. Kg3 Nh5+ 26. Kf3 Re5 27. Rd5 Rxd5 28. Bxd5 Rd8 29. Be4 Rd1 30. Ke2 Rg1 31. a4 b4 32. b3 Nf4+ 0-1

[Event "UKR-ch U20 rapid"]
[Site "Lvov"]
[Date "2017.03.01"]
[Round "9"]
[White "Soroka, Danylo"]
[Black "Bakhmatsky, Vladislav"]
[Result "0-1"]
[WhiteElo "2186"]
[BlackElo "2250"]
[PlyCount "84"]
[EventDate "2017.03.01"]
[EventType "swiss (rapid)"]
[EventRounds "9"]
[EventCountry "UKR"]
[SourceTitle "EXT 2018"]
[Source "ChessBase"]
[SourceDate "2017.10.13"]
[SourceVersion "1"]
[SourceVersionDate "2017.10.13"]
[SourceQuality "1"]

1. d4 Nf6 2. c4 g6 3. Nc3 d5 4. cxd5 Nxd5 5. e4 Nxc3 6. bxc3 Bg7 7. Nf3 c5 8. Rb1 0-0 9. Be2 b6 10. 0-0 Qc7 11. Bg5 Nc6 12. d5 Ne5 13. Ne1 f5 14. exf5 Bxf5 15. Rc1 c4 16. f4 Nf7 17. Bh4 Rad8 18. Qa4 Nd6 19. Bf3 Be4 20. Qc6 Qxc6 21. dxc6 Bxf3 22. Nxf3 Nf5 23. Ng5 Nxh4 24. Ne6 Nf5 25. c7 Rc8 26. Rcd1 Nd6 27. Rfe1 Bf6 28. g4 Kf7 29. Re3 Rfe8 30. g5 Bg7 31. Rd5 Nf5 32. Re4 Bxc3 33. Rd7 Nd6 34. Re2 b5 35. Nd8+ Kf8 36. Ne6+ Kg8 37. Nd8 Ba5 38. Nc6 Bb6+ 39. Kg2 Rxc7 40. Nxe7+ Kf7 41. Rxd6 Rcxe7 42. Rf6+ Kg7 0-1

[Event "Lvov Tradition 09"]
[Site "Lvov"]
[Date "2016.10.01"]
[Round "9"]
[White "Soroka, Danylo"]
[Black "Bondarets, Vadim"]
[Result "1/2-1/2"]
[WhiteElo "2235"]
[BlackElo "2279"]
[PlyCount "63"]
[EventDate "2016.09.26"]
[EventType "tourn"]
[EventRounds "11"]
[EventCountry "UKR"]
[EventCategory "1"]
[SourceTitle "CBM 174 Extra"]
[Source "ChessBase"]
[SourceDate "2016.10.10"]
[SourceVersion "1"]
[SourceVersionDate "2016.10.10"]
[SourceQuality "1"]

1. Nf3 f5 2. d4 g6 3. Bf4 Nf6 4. e3 Bg7 5. Bc4 e6 6. Nbd2 0-0 7. h3 d6 8. Qe2 c6 9. a4 Qe7 10. g4 Kh8 11. Bg3 Ne4 12. Nxe4 fxe4 13. Nd2 d5 14. Bb3 c5 15. c3 Nc6 16. f3 exf3 17. Nxf3 Bd7 18. 0-0 Rae8 19. Qh2 e5 20. dxe5 c4 21. Bc2 Nxe5 22. Nxe5 Rxf1+ 23. Rxf1 Bxe5 24. Bxe5+ Qxe5 25. Rf8+ Kg7 26. Rxe8 Qxh2+ 27. Kxh2 Bxe8 28. g5 a5 29. Kg3 Kf7 30. Kf4 Ke6 31. e4 b6 32. exd5+ 1/2-1/2

[Event "Lvov Vasylyshyn Memorial IM 10th"]
[Site "Lvov"]
[Date "2013.11.22"]
[Round "4"]
[White "Soroka, Danylo"]
[Black "Zajarnyi, Anatolyi"]
[Result "0-1"]
[WhiteElo "2224"]
[BlackElo "2285"]
[PlyCount "102"]
[EventDate "2013.11.19"]
[EventType "tourn"]
[EventRounds "9"]
[EventCountry "UKR"]
[EventCategory "1"]
[SourceTitle "CBM 157 Extra"]
[Source "ChessBase"]
[SourceDate "2013.12.19"]
[SourceVersion "1"]
[SourceVersionDate "2013.12.19"]
[SourceQuality "1"]

1. d4 d6 2. Nf3 Bg4 3. c4 c6 4. Nc3 Nd7 5. Bg5 h6 6. Bh4 Ngf6 7. e3 e5 8. h3 Bh5 9. Be2 Qb6 10. Qd2 e4 11. Nh2 Bxe2 12. Qxe2 d5 13. cxd5 cxd5 14. a3 Be7 15. 0-0 0-0 16. Ng4 Rfd8 17. Rac1 a6 18. Nxf6+ Nxf6 19. Rc2 Qe6 20. Bxf6 Qxf6 21. Rfc1 Rd7 22. Qd2 Kh7 23. Na4 Qe6 24. Qa5 Re8 25. b4 Bd8 26. Qc5 b5 27. Nb2 Rc7 28. Qxc7 Bxc7 29. Rxc7 Qg6 30. Nd1 Re6 31. R1c5 Qh5 32. Nc3 Rg6 33. Kf1 Qg5 34. g3 Qf5 35. Nxd5 Qxh3+ 36. Ke2 Qh5+ 37. Ke1 Qh1+ 38. Ke2 Qf3+ 39. Ke1 Rd6 40. Nf4 Rf6 41. R5c6 Rxc6 42. Rxc6 g5 43. Ne2 h5 44. Rc5 Qh1+ 45. Kd2 Qa1 46. Rxg5 Qxa3 47. Rxh5+ Kg7 48. Rc5 Qxb4+ 49. Kd1 Qb3+ 50. Rc2 b4 51. Nc1 Qb1 0-1

[Event "Lvov Vasylyshyn Memorial IM 10th"]
[Site "Lvov"]
[Date "2013.11.20"]
[Round "2"]
[White "Sychevskyy, Andriy"]
[Black "Soroka, Danylo"]
[Result "1/2-1/2"]
[WhiteElo "2159"]
[BlackElo "2224"]
[PlyCount "56"]
[EventDate "2013.11.19"]
[EventType "tourn"]
[EventRounds "9"]
[EventCountry "UKR"]
[EventCategory "1"]
[SourceTitle "CBM 157 Extra"]
[Source "ChessBase"]
[SourceDate "2013.12.19"]
[SourceVersion "1"]
[SourceVersionDate "2013.12.19"]
[SourceQuality "1"]

1. d4 d5 2. c4 c6 3. Nc3 Nf6 4. e3 g6 5. Nf3 Bg7 6. Be2 0-0 7. 0-0 Bg4 8. Qb3 Qb6 9. cxd5 Qxb3 10. axb3 cxd5 11. b4 e6 12. Na4 Nc6 13. Bd2 Ne4 14. Bc3 Rfc8 15. b5 Nxc3 16. Nxc3 Ne7 17. h3 Bxf3 18. Bxf3 b6 19. Ra4 Rc7 20. Rfa1 f5 21. Ra6 Rb7 22. Na2 Rc8 23. Nb4 Rcc7 24. g3 Kf7 25. Nc6 Nxc6 26. bxc6 Rxc6 27. Rxa7 Rcc7 28. Rxb7 Rxb7 1/2-1/2

[Event "UKR-POL U26"]
[Site "Lvov"]
[Date "2013.09.26"]
[Round "2"]
[White "Soroka, Danylo"]
[Black "Piesik, Piotr"]
[Result "1-0"]
[WhiteElo "2207"]
[BlackElo "2216"]
[PlyCount "75"]
[EventDate "2013.09.26"]
[EventType "team-swiss"]
[EventRounds "5"]
[EventCountry "UKR"]
[SourceTitle "CBM 156 Extra"]
[Source "ChessBase"]
[SourceDate "2013.10.22"]
[SourceVersion "1"]
[SourceVersionDate "2013.10.22"]
[SourceQuality "1"]
[WhiteTeam "Lvov Polytechnic Univ"]
[BlackTeam "Katowice Economic Univ"]
[WhiteTeamCountry "UKR"]
[BlackTeamCountry "POL"]

1. d4 c5 2. d5 e5 3. e4 d6 4. Nc3 Be7 5. Be2 Bg5 6. Nf3 Bxc1 7. Qxc1 Ne7 8. Qg5 0-0 9. Nh4 h6 10. Qg3 f5 11. exf5 Nxf5 12. Nxf5 Bxf5 13. Bd3 Nd7 14. Bxf5 Rxf5 15. Ne4 Rf4 16. Nc3 Nf6 17. 0-0 Qd7 18. Rad1 b5 19. Ne2 Ra4 20. a3 Rf8 21. Qc3 b4 22. axb4 Rxb4 23. b3 Qb5 24. Ng3 Rf4 25. f3 g6 26. Qe3 Ne8 27. Ne2 R4f7 28. c4 Qb7 29. Qxh6 Rg7 30. Qe3 Nf6 31. Ng3 Rh7 32. Rd3 Qf7 33. h3 Kh8 34. f4 Re8 35. fxe5 dxe5 36. Qg5 Kg7 37. Nf5+ Kh8 38. Nd6 1-0

[Event "UKR-POL U26"]
[Site "Lvov"]
[Date "2013.09.26"]
[Round "1"]
[White "Warakomski, Tomasz"]
[Black "Soroka, Danylo"]
[Result "1-0"]
[WhiteElo "2494"]
[BlackElo "2207"]
[PlyCount "71"]
[EventDate "2013.09.26"]
[EventType "team-swiss"]
[EventRounds "5"]
[EventCountry "UKR"]
[SourceTitle "CBM 156 Extra"]
[Source "ChessBase"]
[SourceDate "2013.10.22"]
[SourceVersion "1"]
[SourceVersionDate "2013.10.22"]
[SourceQuality "1"]
[WhiteTeam "Warsaw Univ"]
[BlackTeam "Lvov Polytechnic Univ"]
[WhiteTeamCountry "POL"]
[BlackTeamCountry "UKR"]

1. e4 c5 2. Nf3 Nc6 3. Bb5 g6 4. Bxc6 bxc6 5. 0-0 Bg7 6. Re1 Nf6 7. e5 Nd5 8. c4 Nc7 9. d4 cxd4 10. Qxd4 0-0 11. Qh4 d5 12. Bh6 Ne6 13. Nc3 d4 14. Rad1 c5 15. Nd5 Re8 16. b4 Bb7 17. Bxg7 Nxg7 18. Ng5 h5 19. bxc5 Bxd5 20. cxd5 Qxd5 21. Qxd4 Qxa2 22. c6 Ne6 23. Nxe6 Qxe6 24. c7 Rec8 25. Rc1 a5 26. Qa4 Ra7 27. Rc6 Qd5 28. e6 f5 29. Rec1 Qe5 30. Qd1 Raa8 31. Qd7 Kf8 32. Ra6 Qe4 33. Rxa8 Qxa8 34. Rd1 Re8 35. Qxe8+ Kxe8 36. Rb1 1-0

[Event "Lvov Maksym Yusupov Memorial 1st"]
[Site "Lvov"]
[Date "2013.02.03"]
[Round "5"]
[White "Soroka, Danylo"]
[Black "Ustianovich, Nazar"]
[Result "1/2-1/2"]
[WhiteElo "2125"]
[BlackElo "2305"]
[PlyCount "140"]
[EventDate "2013.02.01"]
[EventType "tourn"]
[EventRounds "9"]
[EventCountry "UKR"]
[SourceTitle "CBM 152 Extra"]
[Source "ChessBase"]
[SourceDate "2013.02.25"]
[SourceVersion "1"]
[SourceVersionDate "2013.02.25"]
[SourceQuality "1"]

1. d4 Nf6 2. c4 c5 3. Nf3 cxd4 4. Nxd4 e5 5. Nb5 d5 6. cxd5 Bc5 7. N5c3 0-0 8. e3 e4 9. a3 Qe7 10. b4 Bd6 11. Bb2 Nbd7 12. Nd2 Nb6 13. Nc4 Nxc4 14. Bxc4 a6 15. Bb3 Rd8 16. Ne2 Bg4 17. Qd4 a5 18. h3 Bd7 19. 0-0 Bb5 20. Rfe1 axb4 21. a4 Bc5 22. Qd2 Bc6 23. Bxf6 Qxf6 24. Rac1 Bd6 25. Qc2 Bd7 26. Qxe4 Bxa4 27. Nd4 Be5 28. Bxa4 Rxa4 29. Nb5 Ra2 30. f4 Bc3 31. Rf1 h5 32. d6 g6 33. Qxb7 Raa8 34. Qe7 Qxe7 35. dxe7 Rd7 36. Nxc3 bxc3 37. Rxc3 Rxe7 38. Kf2 Rae8 39. Kf3 Kg7 40. g3 Ra8 41. Rd1 Ra2 42. Rd4 Rh2 43. h4 Rh1 44. Rd2 Rf1+ 45. Rf2 Rxf2+ 46. Kxf2 f5 47. Rc4 Kf7 48. Kf3 Rd7 49. e4 fxe4+ 50. Rxe4 Rc7 51. Re3 Kf6 52. Rb3 Rc6 53. g4 hxg4+ 54. Kxg4 Ra6 55. Rb8 Rc6 56. Rf8+ Kg7 57. Rd8 Kf6 58. Rd5 Rb6 59. h5 gxh5+ 60. Rxh5 Kg6 61. f5+ Kg7 62. Rh2 Kf8 63. Kg5 Ra6 64. Rh7 Kg8 65. Rb7 Kf8 66. Rc7 Ke8 67. Rb7 Kf8 68. Rb5 Kf7 69. Rb7+ Kf8 70. f6 Ra1 1/2-1/2

[Event "Lvov Euro op 1st"]
[Site "Lvov"]
[Date "2012.05.30"]
[Round "3"]
[White "Rastropin, Yuriy"]
[Black "Soroka, Danylo"]
[Result "0-1"]
[WhiteElo "1791"]
[BlackElo "2064"]
[PlyCount "62"]
[EventDate "2012.05.28"]
[EventType "swiss"]
[EventRounds "9"]
[EventCountry "UKR"]
[SourceTitle "CBM 148 Extra"]
[Source "ChessBase"]
[SourceDate "2012.06.22"]
[SourceVersion "1"]
[SourceVersionDate "2012.06.22"]
[SourceQuality "1"]

1. d4 d5 2. Nf3 Nf6 3. c4 e6 4. Bg5 Nbd7 5. Nc3 Bb4 6. e3 c5 7. cxd5 exd5 8. Bd3 Qa5 9. Qc2 c4 10. Bf5 0-0 11. 0-0 Re8 12. Rac1 g6 13. Bxd7 Nxd7 14. Nd2 Bxc3 15. bxc3 Nb6 16. f3 Bd7 17. Bh6 Na4 18. e4 f5 19. g4 Qd8 20. g5 b5 21. Rce1 Qa5 22. Nb1 b4 23. exd5 bxc3 24. d6 Qb6 25. Re7 Rxe7 26. dxe7 Qxd4+ 27. Kg2 Bc6 28. Rd1 Qg4+ 29. Kf1 Qxf3+ 30. Kg1 Qh1+ 31. Kf2 Qg2+ 0-1

[Event "Lvov Lion Cup"]
[Site "Lvov"]
[Date "2011.09.04"]
[Round "9"]
[White "Soroka, Danylo"]
[Black "Badik, Yaryna"]
[Result "1-0"]
[WhiteElo "2060"]
[BlackElo "1652"]
[PlyCount "57"]
[EventDate "2011.08.31"]
[EventType "swiss"]
[EventRounds "9"]
[EventCountry "UKR"]
[SourceTitle "CBM 144 Extra"]
[Source "ChessBase"]
[SourceDate "2011.10.28"]
[SourceVersion "1"]
[SourceVersionDate "2011.10.28"]
[SourceQuality "1"]

1. d4 d5 2. c4 e6 3. Nc3 Nf6 4. Nf3 c6 5. g3 Nbd7 6. Bg2 Be7 7. 0-0 0-0 8. Nd2 b6 9. Re1 Bb7 10. e4 dxc4 11. Nxc4 b5 12. Ne3 Nb6 13. e5 Nfd5 14. Nexd5 exd5 15. f4 Re8 16. f5 b4 17. Ne2 c5 18. Bf4 cxd4 19. Nxd4 Bc5 20. Rc1 Rc8 21. f6 Bxd4+ 22. Qxd4 Rxc1 23. Rxc1 gxf6 24. exf6 Nd7 25. Qxa7 Ba8 26. Rc7 Re1+ 27. Bf1 Nxf6 28. Rxf7 Ne8 29. Bh6 1-0

[Event "Lvov Lion Cup"]
[Site "Lvov"]
[Date "2011.09.02"]
[Round "6"]
[White "Buksa, Nataliya"]
[Black "Soroka, Danylo"]
[Result "0-1"]
[WhiteElo "2037"]
[BlackElo "2060"]
[PlyCount "70"]
[EventDate "2011.08.31"]
[EventType "swiss"]
[EventRounds "9"]
[EventCountry "UKR"]
[SourceTitle "CBM 144 Extra"]
[Source "ChessBase"]
[SourceDate "2011.10.28"]
[SourceVersion "1"]
[SourceVersionDate "2011.10.28"]
[SourceQuality "1"]

1. e4 c5 2. Nf3 Nc6 3. d4 cxd4 4. Nxd4 Nf6 5. Nc3 d6 6. Be3 e6 7. Be2 Be7 8. 0-0 a6 9. f4 Qc7 10. Kh1 0-0 11. Qe1 Nxd4 12. Bxd4 b5 13. a3 Bb7 14. Qg3 Bc6 15. Rae1 Qb7 16. Bd3 b4 17. axb4 Qxb4 18. Ne2 Rfe8 19. e5 Nh5 20. Qh3 g6 21. Bc3 Qb7 22. Nd4 Bd5 23. Qg4 Ng7 24. Re3 Rad8 25. Rg3 dxe5 26. fxe5 Bc5 27. Nf3 Be3 28. Ng5 Bxg5 29. Qxg5 Be4 30. Qf4 Bxd3 31. Rxd3 Rxd3 32. cxd3 Nf5 33. Qe4 Qd5 34. Ra1 Rd8 35. Rxa6 Qxe4 0-1

[Event "Lvov April Meets"]
[Site "Lvov"]
[Date "2011.04.09"]
[Round "10"]
[White "Soroka, Danylo"]
[Black "Badik, Maksym"]
[Result "0-1"]
[WhiteElo "1971"]
[BlackElo "1875"]
[PlyCount "24"]
[EventDate "2011.04.04"]
[EventType "tourn"]
[EventRounds "10"]
[EventCountry "UKR"]
[SourceTitle "CBM 141 Extra"]
[Source "ChessBase"]
[SourceDate "2011.05.03"]
[SourceVersion "1"]
[SourceVersionDate "2011.05.03"]
[SourceQuality "1"]

1. d4 d5 2. c4 e6 3. Nc3 Nf6 4. Bg5 Nbd7 5. Nf3 c6 6. e3 Qa5 7. Bd3 dxc4 8. Bxc4 Ne4 9. Bf4 Nxc3 10. Qd2 Bb4 11. a3 Nd5 12. axb4 Qxa1+ 0-1

[Event "Lvov April Meets"]
[Site "Lvov"]
[Date "2011.04.08"]
[Round "9"]
[White "Salevich, Volodimir"]
[Black "Soroka, Danylo"]
[Result "1/2-1/2"]
[WhiteElo "2124"]
[BlackElo "1971"]
[PlyCount "46"]
[EventDate "2011.04.04"]
[EventType "tourn"]
[EventRounds "10"]
[EventCountry "UKR"]
[SourceTitle "CBM 141 Extra"]
[Source "ChessBase"]
[SourceDate "2011.05.03"]
[SourceVersion "1"]
[SourceVersionDate "2011.05.03"]
[SourceQuality "1"]

1. c4 c5 2. Nf3 Nf6 3. d4 cxd4 4. Nxd4 Nc6 5. Nc3 g6 6. e4 Bg7 7. Be3 0-0 8. Be2 d6 9. h3 a5 10. 0-0 a4 11. Qd2 Qa5 12. Rfd1 Nxd4 13. Bxd4 Be6 14. Qe3 Nd7 15. Bxg7 Kxg7 16. Nd5 Bxd5 17. exd5 Qc5 18. Qc3+ Ne5 19. b4 axb3 20. axb3 Kg8 21. b4 Qc7 22. c5 Rxa1 23. Rxa1 Rc8 1/2-1/2

[Event "Lvov April Meets"]
[Site "Lvov"]
[Date "2011.04.08"]
[Round "8"]
[White "Soroka, Danylo"]
[Black "Prohorov, Olexandr"]
[Result "1-0"]
[WhiteElo "1971"]
[BlackElo "2071"]
[PlyCount "93"]
[EventDate "2011.04.04"]
[EventType "tourn"]
[EventRounds "10"]
[EventCountry "UKR"]
[SourceTitle "CBM 141 Extra"]
[Source "ChessBase"]
[SourceDate "2011.05.03"]
[SourceVersion "1"]
[SourceVersionDate "2011.05.03"]
[SourceQuality "1"]

1. d4 g6 2. c4 Bg7 3. Nc3 c5 4. d5 Bxc3+ 5. bxc3 f5 6. h4 Nf6 7. h5 Rg8 8. hxg6 hxg6 9. Qa4 a6 10. Nf3 b5 11. Qa3 Bb7 12. Rb1 Qc7 13. Qb3 Ne4 14. Ng5 Qe5 15. Nxe4 Qxe4 16. Bg5 Qg4 17. f4 Qg3+ 18. Kd2 e5 19. e3 Kf7 20. Qd1 Nc6 21. dxc6 Bxc6 22. Bh4 Qg4 23. Qxg4 fxg4 24. fxe5 Rh8 25. Be2 Bxg2 26. Rh2 Be4 27. Rf1+ Ke6 28. Bxg4+ Bf5 29. Bxf5+ gxf5 30. Bg3 Rxh2+ 31. Bxh2 bxc4 32. Rg1 Rb8 33. Kc2 Rh8 34. Rg6+ Kd5 35. Bf4 Ke4 36. Rd6 Rg8 37. Rxd7 Rg2+ 38. Rd2 Rg6 39. Rd6 Rg2+ 40. Kb1 Rg1+ 41. Kb2 Rg2+ 42. Ka3 Rc2 43. e6 Rxc3+ 44. Kb2 Rd3 45. Rxd3 Kxd3 46. e7 Kd2 47. Be5 1-0

[Event "Lvov April Meets"]
[Site "Lvov"]
[Date "2011.04.04"]
[Round "1"]
[White "Buturin, Vladimir"]
[Black "Soroka, Danylo"]
[Result "0-1"]
[WhiteElo "2311"]
[BlackElo "1971"]
[PlyCount "58"]
[EventDate "2011.04.04"]
[EventType "tourn"]
[EventRounds "10"]
[EventCountry "UKR"]
[SourceTitle "CBM 141 Extra"]
[Source "ChessBase"]
[SourceDate "2011.05.03"]
[SourceVersion "1"]
[SourceVersionDate "2011.05.03"]
[SourceQuality "1"]

1. e4 c5 2. Nf3 Nc6 3. Bb5 g6 4. Bxc6 dxc6 5. d3 Bg7 6. h3 Nf6 7. e5 Nd5 8. 0-0 0-0 9. Nbd2 h6 10. Ne4 b6 11. Bd2 f5 12. exf6 exf6 13. c4 Nc7 14. Bc3 Ne6 15. Ng3 Nd4 16. Nxd4 cxd4 17. Bd2 Qd7 18. b4 Bb7 19. Rb1 f5 20. Ne2 c5 21. bxc5 bxc5 22. Nf4 g5 23. Nh5 Qc6 24. f3 Be5 25. Re1 Rae8 26. Kf1 Ba8 27. Re2 Bc7 28. Rf2 Qg6 29. Rb5 Qxh5 0-1

[Event "Lvov Talents op"]
[Site "Lvov"]
[Date "2011.03.02"]
[Round "9.2"]
[White "Zazuliak, Andriy"]
[Black "Soroka, Danylo"]
[Result "1/2-1/2"]
[WhiteElo "2175"]
[BlackElo "1971"]
[PlyCount "176"]
[EventDate "2011.02.23"]
[EventType "swiss"]
[EventRounds "9"]
[EventCountry "UKR"]
[SourceTitle "CBM 141 Extra"]
[Source "ChessBase"]
[SourceDate "2011.05.03"]
[SourceVersion "1"]
[SourceVersionDate "2011.05.03"]
[SourceQuality "1"]

1. d4 d5 2. c4 dxc4 3. Nf3 Nf6 4. Nc3 c6 5. a4 Bf5 6. e3 e6 7. Bxc4 Bb4 8. 0-0 Nbd7 9. Qe2 Bg6 10. Rd1 0-0 11. Bd2 Qa5 12. e4 Bh5 13. e5 Nd5 14. Bd3 h6 15. Nxd5 cxd5 16. Bf4 Bg6 17. Qe3 Rac8 18. Bxg6 fxg6 19. Qd3 Kh7 20. h4 Qa6 21. Qxa6 bxa6 22. Rac1 Nb6 23. b3 Kg8 24. Kf1 Kf7 25. Ke2 Ke7 26. Rxc8 Rxc8 27. Rc1 Kd7 28. Bd2 Rxc1 29. Bxc1 Nc8 30. Bd2 a5 31. Bc1 Ne7 32. Kd3 Nc6 33. Be3 Ke7 34. Ng1 Kf7 35. Ne2 Ne7 36. g3 Nc6 37. Nf4 Ne7 38. Kc2 Nc6 39. Nd3 Ke7 40. Nc1 Kd7 41. Ne2 Ke7 42. Kd3 Kf7 43. Nf4 Ne7 44. g4 Nc6 45. Ng2 Ne7 46. f3 Nc6 47. Bf2 Ne7 48. Nf4 Nc6 49. h5 g5 50. Nh3 Ne7 51. Be3 Nc6 52. Bc1 Be7 53. Bd2 Bb4 54. Be3 Be7 55. f4 gxf4 56. Bxf4 Bd8 57. Bd2 Bb6 58. Be3 Bd8 59. Kc3 Bb6 60. Kd3 Bd8 61. Ng1 Be7 62. Nf3 Bd8 63. Bd2 Be7 64. Ng1 Bb4 65. Be3 Be7 66. Ne2 Bf8 67. Nc3 Ke7 68. Bd2 Kd7 69. Ne2 Ke7 70. Ng1 Kf7 71. Nh3 Be7 72. Ng1 Bf8 73. Ne2 Ke7 74. Be3 Kf7 75. Nc3 Ke7 76. Bc1 Kd7 77. Ne2 Ke8 78. Ng1 Kf7 79. Nh3 Be7 80. Bd2 Bd8 81. Ng1 Be7 82. Ne2 Ke8 83. Be3 Kf7 84. Nc3 Ke8 85. Nd1 Kf7 86. Bd2 Ke8 87. Nf2 Kf7 88. Nh3 Bd8 1/2-1/2

[Event "Lvov Talents op"]
[Site "Lvov"]
[Date "2011.02.28"]
[Round "7.3"]
[White "Davymuka, Roman"]
[Black "Soroka, Danylo"]
[Result "1/2-1/2"]
[WhiteElo "2138"]
[BlackElo "1971"]
[PlyCount "80"]
[EventDate "2011.02.23"]
[EventType "swiss"]
[EventRounds "9"]
[EventCountry "UKR"]
[SourceTitle "CBM 141 Extra"]
[Source "ChessBase"]
[SourceDate "2011.05.03"]
[SourceVersion "1"]
[SourceVersionDate "2011.05.03"]
[SourceQuality "1"]

1. d4 d5 2. Nf3 Nf6 3. g3 c5 4. c3 e6 5. Bg2 Bd6 6. 0-0 Nbd7 7. Bf4 Qc7 8. Bxd6 Qxd6 9. Nbd2 b6 10. Re1 Bb7 11. Qa4 0-0 12. Qa3 a6 13. Rad1 Qc7 14. e3 Rfe8 15. b3 b5 16. Rc1 h6 17. Qb2 Re7 18. Qb1 Rb8 19. Qd3 Rd8 20. h3 Bc6 21. Qc2 Rde8 22. dxc5 Nxc5 23. Nd4 Bd7 24. b4 Nb7 25. e4 e5 26. N4b3 dxe4 27. Nxe4 Nxe4 28. Qxe4 Nd6 29. Qd5 Be6 30. Qc5 Nc4 31. Qxc7 Rxc7 32. Nc5 a5 33. a4 bxa4 34. Nxa4 Rb8 35. Nc5 Bc8 36. Bf1 Nd2 37. Bg2 axb4 38. cxb4 Rxb4 39. Nd3 Rxc1 40. Rxc1 Rb1 1/2-1/2

[Event "Lvov Talents op"]
[Site "Lvov"]
[Date "2011.02.26"]
[Round "4.7"]
[White "Soroka, Danylo"]
[Black "Sanotsky, Yuriy"]
[Result "1/2-1/2"]
[WhiteElo "1971"]
[BlackElo "2007"]
[PlyCount "30"]
[EventDate "2011.02.23"]
[EventType "swiss"]
[EventRounds "9"]
[EventCountry "UKR"]
[SourceTitle "CBM 141 Extra"]
[Source "ChessBase"]
[SourceDate "2011.05.03"]
[SourceVersion "1"]
[SourceVersionDate "2011.05.03"]
[SourceQuality "1"]

1. d4 f5 2. g3 Nf6 3. Bg2 e6 4. Nf3 d5 5. 0-0 Bd6 6. c4 c6 7. b3 Qe7 8. Qc2 0-0 9. Nbd2 b6 10. Bb2 Bb7 11. Ne5 Nbd7 12. f3 c5 13. e3 Rac8 14. Qd3 Bb8 15. Nxd7 Qxd7 1/2-1/2

[Event "UKR-ch U14"]
[Site "Mukachevo"]
[Date "2010.02.24"]
[Round "11"]
[White "Soroka, Danylo"]
[Black "Bogdanov, Egor"]
[Result "1-0"]
[WhiteElo "2017"]
[BlackElo "2178"]
[PlyCount "91"]
[EventDate "2010.02.16"]
[EventType "tourn"]
[EventRounds "11"]
[EventCountry "UKR"]
[SourceTitle "CBM 135 Extra"]
[Source "ChessBase"]
[SourceDate "2010.05.04"]
[SourceVersion "1"]
[SourceVersionDate "2010.05.04"]
[SourceQuality "1"]

1. d4 Nf6 2. c4 g6 3. Nc3 Bg7 4. e4 d6 5. f3 0-0 6. Be3 e5 7. d5 Nh5 8. Qd2 Qh4+ 9. g3 Nxg3 10. Qf2 Nxf1 11. Qxh4 Nxe3 12. Qf2 Nxc4 13. Qe2 Nb6 14. 0-0-0 f5 15. Rf1 Na6 16. h4 fxe4 17. h5 exf3 18. Nxf3 Bf5 19. hxg6 Nb4 20. gxh7+ Kh8 21. Ne1 N6xd5 22. Nxd5 Nxd5 23. Rxf5 Rxf5 24. Rg1 Ne7 25. Nf3 Raf8 26. Nh4 R5f6 27. Qg2 Bh6+ 28. Kb1 d5 29. a3 e4 30. Qh2 Kxh7 31. Qxc7 R8f7 32. Qd8 e3 33. Ka2 Rf2 34. Ng2 e2 35. Ne1 Rf1 36. Qe8 Ng6 37. Rg2 R1f2 38. Qe6 R2f6 39. Qxe2 Re7 40. Qd1 a5 41. Nd3 Rc6 42. Qh5 d4 43. Rh2 Nf8 44. Ne5 Rb6 45. Nf7 Ree6 46. Nxh6 1-0

[Event "UKR-ch U14"]
[Site "Mukachevo"]
[Date "2010.02.21"]
[Round "8"]
[White "Mirzoev, Emil"]
[Black "Soroka, Danylo"]
[Result "1-0"]
[WhiteElo "2038"]
[BlackElo "2017"]
[PlyCount "113"]
[EventDate "2010.02.16"]
[EventType "tourn"]
[EventRounds "11"]
[EventCountry "UKR"]
[SourceTitle "CBM 135 Extra"]
[Source "ChessBase"]
[SourceDate "2010.05.04"]
[SourceVersion "1"]
[SourceVersionDate "2010.05.04"]
[SourceQuality "1"]

1. d4 d5 2. c4 dxc4 3. e3 Nf6 4. Bxc4 e6 5. Nf3 c5 6. 0-0 a6 7. Bd3 Nc6 8. Nc3 cxd4 9. exd4 Be7 10. Bg5 0-0 11. Rc1 b6 12. Bb1 Bb7 13. a3 Rc8 14. Qd3 g6 15. Rfd1 Nd5 16. Bh6 Re8 17. Ne4 Bf8 18. Bxf8 Rxf8 19. h4 Nce7 20. h5 Rxc1 21. Rxc1 Nf5 22. hxg6 hxg6 23. Neg5 Nf4 24. Qc4 Nxd4 25. Re1 Nxf3+ 26. Nxf3 Qf6 27. Be4 Rc8 28. Qb4 Bxe4 29. Qxe4 Nd5 30. Ne5 b5 31. Nd3 Rc4 32. Qe2 Rh4 33. g3 Rc4 34. Kg2 Qf5 35. Rh1 Nf6 36. Qf3 Qxf3+ 37. Kxf3 a5 38. Rc1 Rxc1 39. Nxc1 Nd5 40. Ke4 Kg7 41. Kd4 Kf6 42. Kc5 b4 43. a4 Kf5 44. Kb5 Ke4 45. Kxa5 Kf3 46. Kb5 Kxf2 47. a5 Ke3 48. Kc6 b3 49. Nxb3 f5 50. Nc5 Nb4+ 51. Kb5 g5 52. Nxe6 Nd5 53. a6 f4 54. gxf4 g4 55. a7 g3 56. a8Q g2 57. Qxd5 1-0